Eastern Utah Libraries Catalog: Duchesne, Heber, Roosevelt, & Vernal

Twilight. Breaking dawn. Part 1 (Record no. 82568)

MARC details
000 -LEADER
fixed length control field 03969cgm a2200829Ia 4500
001 - CONTROL NUMBER
control field ocn770421589
003 - CONTROL NUMBER IDENTIFIER
control field OCoLC
005 - DATE AND TIME OF LATEST TRANSACTION
control field 20251204100949.0
007 - PHYSICAL DESCRIPTION FIXED FIELD--GENERAL INFORMATION
fixed length control field vd cvaizq
008 - FIXED-LENGTH DATA ELEMENTS--GENERAL INFORMATION
fixed length control field 120104p20122011cau117 e vleng d
024 1# - OTHER STANDARD IDENTIFIER
Standard number or code 025192134548
028 42 - PUBLISHER NUMBER
Publisher number 66121665
Source Summit Entertainment
035 ## - SYSTEM CONTROL NUMBER
System control number (OCoLC)770421589
037 ## - SOURCE OF ACQUISITION
Source of stock number/acquisition Midwest Tape
Note http://www.midwesttapes.com
040 ## - CATALOGING SOURCE
Original cataloging agency TEFMT
Transcribing agency TEFMT
Modifying agency TEF
-- IEP
-- IHI
-- UINTA
Description conventions rda
041 1# - LANGUAGE CODE
Language code of text/sound track or separate title eng
-- spa
Language code of original and/or intermediate translations of text eng
049 ## - LOCAL HOLDINGS (OCLC)
Holding library UCLB
050 #4 - LIBRARY OF CONGRESS CALL NUMBER
Classification number PN1997.2
Item number .T85 2012
082 04 - DEWEY DECIMAL CLASSIFICATION NUMBER
Classification number 791.43/72
Edition number 23
092 ## - LOCALLY ASSIGNED DEWEY CALL NUMBER (OCLC)
Classification number 791.437
130 0# - MAIN ENTRY--UNIFORM TITLE
Uniform title Breaking dawn, part 1 (Motion picture)
9 (RLIN) 5886144
245 14 - TITLE STATEMENT
Title Twilight. Breaking dawn. Part 1
Medium [videorecording] /
246 30 - VARYING FORM OF TITLE
Title proper/short title Breaking dawn.
Number of part/section of a work Part 1
246 30 - VARYING FORM OF TITLE
Title proper/short title Breaking dawn
250 ## - EDITION STATEMENT
Edition statement Special ed.
260 ## - PUBLICATION, DISTRIBUTION, ETC. (IMPRINT)
Place of publication, distribution, etc Universal City, CA :
Name of publisher, distributor, etc Summit Entertainment,
Date of publication, distribution, etc c2012.
264 ## - Production, Publication, Distribution, Manufacture, and Copyright Notice.
Place of production, publication, distribution, manufacture Universal City, CA :
Name of producer, publisher, distributor, manufacturer Summit Entertainment presents a Temple Hill production in association with Sunswept Entertainment ; produced by Wyck Godfrey, Karen Rosenfelt, Stephanie Meyer ; screenplay by Melissa Rosenberg ; directed by Bill Condon.
Date of production, publication, distribution, manufacture, or copyr c2012.
300 ## - PHYSICAL DESCRIPTION
Extent 2 videodiscs (117 min.) :
Other physical details sd., col. ;
Dimensions 4 3/4 in.
500 ## - GENERAL NOTE
General note Title from container.
500 ## - GENERAL NOTE
General note Videodisc release of the 2011 motion picture.
500 ## - GENERAL NOTE
General note Based on the book by Stephanie Meyer.
500 ## - GENERAL NOTE
General note Sequel to: Eclipse.
500 ## - GENERAL NOTE
General note Release date: Feb. 11, 2012.
500 ## - GENERAL NOTE
General note Special features: 6-part making-of documentary ; wedding video ; Jacob's destiny ; Edward fast forward and Jacob fast forward ; audio commentary.
505 0# - FORMATTED CONTENTS NOTE
Formatted contents note [Disc 1]. Theatrical movie -- [Disc 2]. Special features.
508 ## - CREATION/PRODUCTION CREDITS NOTE
Creation/production credits note Music by Carter Burwell.
511 1# - PARTICIPANT OR PERFORMER NOTE
Participant or performer note Kristen Stewart, Robert Pattinson, Taylor Lautner, Billy Burke, Peter Facinelli.
520 ## - SUMMARY, ETC.
Summary, etc In the highly anticipated fourth installment of the Twilight Saga, a marriage, a honeymoon, and the birth of a child bring unforeseen and shocking developments for Bella and Edward and those they love, including new complications with young werewolf Jacob Black.
521 8# - TARGET AUDIENCE NOTE
Target audience note MPAA rating: PG-13; for disturbing images, violence, sexuality/partial nudity and some thematic elements.
538 ## - SYSTEM DETAILS NOTE
System details note DVD, NTSC, Region 1, anamorphic widescreen (2.40:1) aspect ratio, Dolby Digital 5.1, DVS 2.0.
546 ## - LANGUAGE NOTE
Language note English and Spanish language tracks, with optional English SDH or Spanish subtitles.
546 ## - LANGUAGE NOTE
Language note Audio description in English for the visually impaired.
650 #0 - SUBJECT ADDED ENTRY--TOPICAL TERM
Topical term or geographic name as entry element Swan, Bella (Fictitious character)
Form subdivision Drama.
9 (RLIN) 5778385
650 #0 - SUBJECT ADDED ENTRY--TOPICAL TERM
Topical term or geographic name as entry element Cullen, Edward (Fictitious character)
Form subdivision Drama.
9 (RLIN) 5778386
650 #0 - SUBJECT ADDED ENTRY--TOPICAL TERM
Topical term or geographic name as entry element Vampires
Form subdivision Drama.
9 (RLIN) 5684797
650 #0 - SUBJECT ADDED ENTRY--TOPICAL TERM
Topical term or geographic name as entry element Werewolves
Form subdivision Drama.
9 (RLIN) 5695776
650 #7 - SUBJECT ADDED ENTRY--TOPICAL TERM
Topical term or geographic name as entry element Vampiros
Form subdivision Teatro.
Source of heading or term bidex
9 (RLIN) 5731384
650 #7 - SUBJECT ADDED ENTRY--TOPICAL TERM
Topical term or geographic name as entry element Hombres lobo
Form subdivision Teatro.
Source of heading or term bidex
9 (RLIN) 5778387
651 #0 - SUBJECT ADDED ENTRY--GEOGRAPHIC NAME
Geographic name Washington (State)
Form subdivision Drama.
9 (RLIN) 6427269
655 #7 - INDEX TERM--GENRE/FORM
Genre/form data or focus term Feature films.
Source of term lcgft
9 (RLIN) 6231887
655 #7 - INDEX TERM--GENRE/FORM
Genre/form data or focus term Fantasy films.
Source of term lcgft
9 (RLIN) 6231888
655 #7 - INDEX TERM--GENRE/FORM
Genre/form data or focus term Vampire films.
Source of term lcgft
9 (RLIN) 5684801
655 #7 - INDEX TERM--GENRE/FORM
Genre/form data or focus term Romance films.
Source of term lcgft
9 (RLIN) 5675183
655 #7 - INDEX TERM--GENRE/FORM
Genre/form data or focus term Melodramas (Motion pictures)
Source of term lcgft
9 (RLIN) 5696820
655 #7 - INDEX TERM--GENRE/FORM
Genre/form data or focus term Video recordings for the hearing impaired.
Source of term lcgft
9 (RLIN) 6231889
655 #7 - INDEX TERM--GENRE/FORM
Genre/form data or focus term Video recordings for people with visual disabilities.
Source of term lcgft
9 (RLIN) 5676923
700 1# - ADDED ENTRY--PERSONAL NAME
Personal name Condon, Bill,
Dates associated with a name 1955-
9 (RLIN) 65745
700 1# - ADDED ENTRY--PERSONAL NAME
Personal name Stewart, Kristen,
Dates associated with a name 1990-
9 (RLIN) 68492
700 1# - ADDED ENTRY--PERSONAL NAME
Personal name Pattinson, Robert,
Dates associated with a name 1986-
9 (RLIN) 6231890
700 1# - ADDED ENTRY--PERSONAL NAME
Personal name Lautner, Taylor,
Dates associated with a name 1992-
9 (RLIN) 72377
700 1# - ADDED ENTRY--PERSONAL NAME
Personal name Burke, Billy.
9 (RLIN) 62593
700 1# - ADDED ENTRY--PERSONAL NAME
Personal name Facinelli, Peter,
Dates associated with a name 1973-
9 (RLIN) 76880
700 1# - ADDED ENTRY--PERSONAL NAME
Personal name Rosenberg, Melissa.
9 (RLIN) 5778392
700 1# - ADDED ENTRY--PERSONAL NAME
Personal name Godfrey, Wyck.
9 (RLIN) 70224
700 1# - ADDED ENTRY--PERSONAL NAME
Personal name Rosenfelt, Karen.
9 (RLIN) 5778391
700 1# - ADDED ENTRY--PERSONAL NAME
Personal name Burwell, Carter.
9 (RLIN) 40520
700 1# - ADDED ENTRY--PERSONAL NAME
Personal name Meyer, Stephenie,
Dates associated with a name 1973-
Title of a work Breaking dawn.
9 (RLIN) 5778394
710 2# - ADDED ENTRY--CORPORATE NAME
Corporate name or jurisdiction name as entry element Summit Entertainment.
9 (RLIN) 58551
710 2# - ADDED ENTRY--CORPORATE NAME
Corporate name or jurisdiction name as entry element Temple Hill Entertainment (Firm)
9 (RLIN) 5763469
710 2# - ADDED ENTRY--CORPORATE NAME
Corporate name or jurisdiction name as entry element Sunswept Entertainment (Firm)
9 (RLIN) 5778396
942 ## - ADDED ENTRY ELEMENTS (KOHA)
Koha item type DVD
Source of classification or shelving scheme Dewey Decimal Classification
Holdings
Withdrawn status Lost status Source of classification or shelving scheme Damaged status Not for loan Collection code Home library Current library Shelving location Date acquired Source of acquisition Serial Enumeration / chronology Total Checkouts Total Renewals Full call number Barcode Date last seen Date checked out Cost, replacement price Price effective from Koha item type
    Dewey Decimal Classification     Movies Wasatch County Library Wasatch County Library Audio Visual Area 03/28/2022 Amazon the Twilight saga Breaking Dawn part 1 12 14 DVD Twi 34301001825167 02/19/2026 02/17/2026 6.99 03/28/2022 DVD
This project was made possible through a grant from the Institute of Museum and Library Service administered by the Utah State Library Division.

Wasatch County Library

  • 465 East 1200 South, Heber City, Utah 84032
  • Phone 435-654-1511 | Fax 435-654-6456

Hours

  • Monday - Friday 9:30 AM - 8:00 PM
  • Saturday 9:30 AM - 1:30 PM
  • Closed Sundays and Holidays